<?xml version="1.0" encoding="UTF-8"?>
<record
    xmlns:xsi="http://www.w3.org/2001/XMLSchema-instance"
    xsi:schemaLocation="http://www.loc.gov/MARC21/slim http://www.loc.gov/standards/marcxml/schema/MARC21slim.xsd"
    xmlns="http://www.loc.gov/MARC21/slim">

  <leader>01030nam a2200277 a 4500</leader>
  <controlfield tag="001">929</controlfield>
  <controlfield tag="003">BR-CuiBMT</controlfield>
  <controlfield tag="005">20231212160118.0</controlfield>
  <controlfield tag="008">231123s2018    mgba          000 0 por d</controlfield>
  <datafield tag="020" ind1=" " ind2=" ">
    <subfield code="a">9788545005926</subfield>
  </datafield>
  <datafield tag="040" ind1=" " ind2=" ">
    <subfield code="a">BR-CuiBMT</subfield>
    <subfield code="c">BR-CuiBMT</subfield>
  </datafield>
  <datafield tag="080" ind1=" " ind2=" ">
    <subfield code="a">35.086:343.35</subfield>
    <subfield code="2">2007</subfield>
  </datafield>
  <datafield tag="090" ind1=" " ind2=" ">
    <subfield code="a">35.086:343.35</subfield>
    <subfield code="b">A524i</subfield>
    <subfield code="c">2. ed.</subfield>
  </datafield>
  <datafield tag="100" ind1="1" ind2=" ">
    <subfield code="a">Amorim Junior, S&#xED;lvio Roberto Oliveira de</subfield>
  </datafield>
  <datafield tag="245" ind1="1" ind2="0">
    <subfield code="a">Improbidade administrativa :</subfield>
    <subfield code="b">procedimento, san&#xE7;&#xF5;es e aplica&#xE7;&#xE3;o racional /</subfield>
    <subfield code="c">Silvio Roberto Oliveira de Amorim Junior.</subfield>
  </datafield>
  <datafield tag="250" ind1=" " ind2=" ">
    <subfield code="a">2. ed., rev., ampl. e atual.</subfield>
  </datafield>
  <datafield tag="260" ind1=" " ind2=" ">
    <subfield code="a">Belo Horizonte :</subfield>
    <subfield code="b">F&#xF3;rum, </subfield>
    <subfield code="c">2018.</subfield>
  </datafield>
  <datafield tag="300" ind1=" " ind2=" ">
    <subfield code="a">170 p. :</subfield>
    <subfield code="b">il. ;</subfield>
    <subfield code="c">22 cm</subfield>
  </datafield>
  <datafield tag="500" ind1=" " ind2=" ">
    <subfield code="a">Atualizado de acordo com o novo C&#xF3;digo de Processo Civil e com a Lei Complementar n&#xBA; 157/2016.</subfield>
  </datafield>
  <datafield tag="504" ind1=" " ind2=" ">
    <subfield code="a">Inclui &#xED;ndice.</subfield>
  </datafield>
  <datafield tag="650" ind1=" " ind2=" ">
    <subfield code="a">Improbidade administrativa</subfield>
    <subfield code="z">Brasil</subfield>
  </datafield>
  <datafield tag="650" ind1=" " ind2=" ">
    <subfield code="a">San&#xE7;&#xE3;o administrativa</subfield>
    <subfield code="x">Direito administrativo</subfield>
    <subfield code="z">Brasil</subfield>
  </datafield>
  <datafield tag="650" ind1=" " ind2=" ">
    <subfield code="a">Direito p&#xFA;blico</subfield>
    <subfield code="z">Brasil</subfield>
  </datafield>
  <datafield tag="650" ind1=" " ind2=" ">
    <subfield code="a">Direito administrativo</subfield>
    <subfield code="z">Brasil</subfield>
  </datafield>
  <datafield tag="942" ind1=" " ind2=" ">
    <subfield code="2">udc</subfield>
    <subfield code="c">LV</subfield>
  </datafield>
  <datafield tag="952" ind1=" " ind2=" ">
    <subfield code="0">0</subfield>
    <subfield code="1">0</subfield>
    <subfield code="2">udc</subfield>
    <subfield code="4">0</subfield>
    <subfield code="7">0</subfield>
    <subfield code="a">BIBTCEMT</subfield>
    <subfield code="b">BIBTCEMT</subfield>
    <subfield code="d">2019-08-12</subfield>
    <subfield code="l">0</subfield>
    <subfield code="o">35.086:343.35 A524i  2. ed.</subfield>
    <subfield code="p">BIBTCEMT23110965</subfield>
    <subfield code="r">2023-11-23</subfield>
    <subfield code="t">Ex. 1</subfield>
    <subfield code="w">2023-11-23</subfield>
    <subfield code="y">LV</subfield>
  </datafield>
  <datafield tag="952" ind1=" " ind2=" ">
    <subfield code="0">0</subfield>
    <subfield code="1">0</subfield>
    <subfield code="2">udc</subfield>
    <subfield code="4">0</subfield>
    <subfield code="7">0</subfield>
    <subfield code="a">BIBTCEMT</subfield>
    <subfield code="b">BIBTCEMT</subfield>
    <subfield code="d">2019-08-12</subfield>
    <subfield code="l">0</subfield>
    <subfield code="o">35.086:343.35 A524i  2. ed.</subfield>
    <subfield code="p">BIBTCEMT23110966</subfield>
    <subfield code="r">2023-11-23</subfield>
    <subfield code="t">Ex. 2</subfield>
    <subfield code="w">2023-11-23</subfield>
    <subfield code="y">LV</subfield>
  </datafield>
  <datafield tag="999" ind1=" " ind2=" ">
    <subfield code="c">929</subfield>
    <subfield code="d">929</subfield>
  </datafield>
</record>
